| 000 | 00388nam a22001337a 4500 | ||
|---|---|---|---|
| 082 |
_a628.7 _bARC _cL-23, P-15 |
||
| 100 |
_aArceivala Soli J _944302 |
||
| 245 |
_aWastewater Treatment for Pollution Control _cArceivala Soli J |
||
| 260 |
_aNew Delhi _bTata McGraw-Hill _cc1986 |
||
| 300 |
_bill _c18cm |
||
| 526 |
_a0 _b0 _c0 _d628_700000000000000_ARC |
||
| 650 |
_aMCE _9379 |
||
| 942 |
_2ddc _cBK |
||
| 999 |
_c548128 _d548128 |
||